UBT Library

INFANTS AND CHILDREN (Record no. 59010)

000 -LEADER
fixed length control field 00334nam a22001457a 4500
008 - FIXED-LENGTH DATA ELEMENTS--GENERAL INFORMATION
fixed length control field 221122b ||||| |||| 00| 0 eng d
020 ## - INTERNATIONAL STANDARD BOOK NUMBER
International Standard Book Number 9780205831913
041 ## - LANGUAGE CODE
Language code of text/sound track or separate title eng
080 ## - UNIVERSAL DECIMAL CLASSIFICATION NUMBER
Edition identifier SEVENTH EDITION
Universal Decimal Classification number 159.9
082 ## - DEWEY DECIMAL CLASSIFICATION NUMBER
Classification number 159.9 BER
100 ## - Rafti
Rafti 25
101 ## - Shkurtesa
Shkurtesa PSI
245 ## - TITLE STATEMENT
Title INFANTS AND CHILDREN
Statement of responsibility, etc BERL E.L
942 ## - ADDED ENTRY ELEMENTS (KOHA)
Source of classification or shelving scheme
Item type Books
Holdings
Withdrawn status Lost status Source of classification or shelving scheme Damaged status Not for loan Collection code Permanent location Current location Date acquired Total Checkouts Full call number Barcode Date last seen Price effective from Koha item type
          Koleksioni i përgjithshem UBT - Lipjan UBT - Lipjan 11/22/2022   159.9 BER 002-800028700260836 11/22/2022 11/22/2022 Books
UBT Library © 2015-2024. All rights reserved University Education for Business and Technology